[Event "AUT-ch Vor4 Internet"]
[Site "Playchess.com INT"]
[Date "2020.04.25"]
[Round "6"]
[White "Fattinger, Matthias"]
[Black "Jeitler, Selina"]
[Result "0-1"]
[WhiteElo "1621"]
[BlackElo "1201"]
[PlyCount "44"]
[EventDate "2020.04.25"]
[EventType "swiss (blitz)"]
[EventRounds "9"]
[EventCountry "AUT"]
[SourceTitle "EXT 2021"]
[Source "ChessBase"]
[SourceDate "2020.10.23"]
[SourceVersion "1"]
[SourceVersionDate "2020.10.23"]
[SourceQuality "1"]

1. c4 Nf6 2. Nc3 c5 3. Nf3 e6 4. e3 d5 5. d4 Nc6 6. dxc5 Bxc5 7. cxd5 exd5 8. Be2 0-0 9. 0-0 Be6 10. a3 Qc7 11. b4 Bb6 12. Bb2 a5 13. bxa5 Bxa5 14. Nb5 Qb6 15. Nfd4 Nxd4 16. Bxd4 Qc6 17. Bxf6 gxf6 18. Nd4 Qd6 19. Bg4 Qe5 20. Bxe6 fxe6 21. Qg4+ Kf7 22. Qh5+ Qxh5 0-1

[Event "AUT-ch Vor4 Internet"]
[Site "Playchess.com INT"]
[Date "2020.04.25"]
[Round "1"]
[White "Fattinger, Matthias"]
[Black "Schernthaner, David"]
[Result "0-1"]
[WhiteElo "1621"]
[BlackElo "2220"]
[PlyCount "48"]
[EventDate "2020.04.25"]
[EventType "swiss (blitz)"]
[EventRounds "9"]
[EventCountry "AUT"]
[SourceTitle "EXT 2021"]
[Source "ChessBase"]
[SourceDate "2020.10.23"]
[SourceVersion "1"]
[SourceVersionDate "2020.10.23"]
[SourceQuality "1"]

1. c4 g6 2. Nc3 c5 3. e3 Bg7 4. d4 cxd4 5. exd4 Nf6 6. Bg5 0-0 7. Nf3 h6 8. Be3 d5 9. c5 Bf5 10. h3 Nc6 11. a3 Re8 12. Be2 Ne4 13. 0-0 Nxc3 14. bxc3 b6 15. cxb6 Qxb6 16. Qd2 Kh7 17. Rab1 Qa5 18. Nh4 Bxb1 19. Rxb1 Rab8 20. Ra1 e5 21. Nf3 exd4 22. Nxd4 Nxd4 23. cxd4 Qxd2 24. Bxd2 Rxe2 0-1